Ritos, signos e invocaciones: estado y simbología religiosa

Na minha lista:
Detalhes bibliográficos
Autor principal: Llamazares Calzadilla, María Cruz (Author)
Formato: Livro
Idioma:espanhol
Publicado em: Madrid Dykinson S.L 2015
Edição:1a. ed
Assuntos:
Tags: Adicionar Tag
Sem tags, seja o primeiro a adicionar uma tag!

MARC

LEADER 00000cam a2200000 a 4500
001 UCC9423
003 CL-VaPUC
008 190927e20150000sp |||||||||||||||||spa|d
020 |a 9788490854921 
082 0 4 |a 323.442  |b LLA  |2 21 
100 0 |a Llamazares Calzadilla, María Cruz  |e author  |9 604488 
245 1 0 |a Ritos, signos e invocaciones: estado y simbología religiosa 
250 |a 1a. ed 
300 |a 372 p 
942 |c BK 
945 |d 20190927 15:31:00  |a dcastane 
260 |a Madrid  |b Dykinson S.L  |c 2015 
650 0 |a Libertad de conciencia   |9 310064 
650 7 |a LIBERTAD RELIGIOSA  |2 CL-VaPUC  |9 604489 
583 |a last modification  |c 20190927 15:31:00  |k Rodrigo Vera 
999 |c 375604  |d 375602 
952 |0 0  |1 0  |3 erb  |4 0  |6 323_442000000000000_LLA_2015  |7 0  |8 WP_COW  |9 561427  |a BIBDER  |b BIBDER  |e Fundación W and P Cowley  |i 5602033  |o 323.442 LLA 2015  |p 5602033  |r 2023-01-25  |w 2020-03-12  |y BK  |z Catalogado en:20190927  |k WPC